Métodos y modelos de investigación de Operaciones vol.1 : modelos determinísticos

Bibliographic Details
Main Author: Prawda Witenberg, Juan
Format: Section = Libro
Language:Undetermined
Spanish
Published: México Limusa 2005
Subjects:
LEADER 00574nam a2200181Ia 4500
008 240829s9999 xx 000 0 und d
020 |a 968-18-0590-9 
040 |a BIBLIOTECA-RUPAP 658.4034 P918 
041 |a spa 
082 |a 658.4034 P918 
100 1 |a Prawda Witenberg, Juan 
245 1 0 |a Métodos y modelos de investigación de Operaciones vol.1 : modelos determinísticos 
260 |a México  |b Limusa  |c 2005 
300 |a 936 p. :il. 
650 7 |a INVESTIGACION OPERATIVA - PROGRAMAS. I. Peredo, Roberto, coaut. II. Tít. 
942 |c BK  |2 ddc 
991 |a TEXTO 
999 |c 8810